| 000 | 01212nam a22003257a 4500 | ||
|---|---|---|---|
| 001 | 3471261 | ||
| 003 | OSt | ||
| 005 | 20210426112655.0 | ||
| 008 | 931207s1994 nyuab b 000 0 eng | ||
| 010 | _a 93046246 | ||
| 020 |
_a0689122004 : _c$35.00 ($45.50 Can.) |
||
| 040 |
_aDLC _cDLC _dDLC |
||
| 043 | _ae------ | ||
| 050 | 0 | 0 |
_aCB367 _b.H35 1994 |
| 080 |
_a008 _bH-18 |
||
| 082 | 0 | 0 |
_a940.2/1 _220 |
| 100 | 1 |
_aHale, J. R. _q(John Rigby), _d1923- |
|
| 245 | 1 | 4 |
_aThe civilization of Europe in the Renaissance / _cJohn Hale. |
| 250 | _a1st American ed. | ||
| 260 |
_aNew York : _bAtheneum ; _aToronto : _bMaxwell Macmillan Canada ; _aNew York : _bMaxwell Macmillan International, _c1994. |
||
| 300 |
_axx, 648 p. : _bill., maps ; _c24 cm. |
||
| 504 | _aIncludes bibliographical references (p.[613]-626) and index. | ||
| 650 | 0 | _aRenaissance. | |
| 651 | 0 |
_aEurope _xCivilization _y16th century. |
|
| 653 | _aევროპის ცივილიზაცია | ||
| 653 | _aცივილიზაცია | ||
| 906 |
_a7 _bcbc _corignew _d1 _eocip _f19 _gy-gencatlg |
||
| 942 |
_2udc _cBK |
||
| 999 |
_c978 _d978 |
||